[Event "Chessable Masters Play In"]
[Site "Chess.com INT"]
[Date "2024.01.31"]
[Round "8"]
[White "Donchenko, Alexander"]
[Black "Gadimbayli, Abdulla Azar"]
[Result "1-0"]
[WhiteElo "2643"]
[BlackElo "2489"]
[PlyCount "101"]
[EventDate "2024.01.31"]
[EventType "swiss (rapid)"]
[EventRounds "9"]
[EventCountry "USA"]
[SourceTitle "CB06_2024"]
[SourceDate "2024.02.07"]
[SourceVersion "1"]
[SourceVersionDate "2024.02.07"]
[SourceQuality "1"]

1. Nf3 d5 2. e3 Nf6 3. c4 e6 4. Nc3 Nc6 5. b3 Bd6 6. Bb2 0-0 7. Be2 b6 8. cxd5 exd5 9. 0-0 d4 10. exd4 Bb7 11. Re1 a6 12. h3 Re8 13. Bc4 Qd7 14. Ng5 Rxe1+ 15. Qxe1 Re8 16. Qf1 Nd8 17. Bxa6 Bxa6 18. Qxa6 Qf5 19. Nf3 Ne6 20. Re1 Rf8 21. Ba3 Bxa3 22. Qxa3 Nf4 23. Re3 Qg6 24. Ne1 h6 25. Qa4 Rd8 26. Qc4 N6d5 27. Nxd5 Nxd5 28. Re5 Nf4 29. Qxc7 Rxd4 30. Re8+ Kh7 31. Qc8 Qb1 32. Kh2 Ne6 33. Nf3 Re4 34. d4 Qxa2 35. Ne5 Rxe5 36. dxe5 Qxf2 37. Qc4 Qe3 38. Qc2+ g6 39. Qb1 Qxe5+ 40. Kh1 Kg7 41. Ra8 Nc5 42. b4 Ne4 43. Qa1 Ng3+ 44. Kg1 Ne2+ 45. Kh1 Nd4 46. Rd8 Nc6 47. Qxe5+ Nxe5 48. Rd6 Nc4 49. Rc6 Ne3 50. Rxb6 f5 51. b5 1-0

[Event "Chessable Masters Play In"]
[Site "Chess.com INT"]
[Date "2024.01.31"]
[Round "7"]
[White "Donchenko, Alexander"]
[Black "Kosteniuk, Alexandra"]
[Result "1/2-1/2"]
[WhiteElo "2643"]
[BlackElo "2501"]
[PlyCount "172"]
[EventDate "2024.01.31"]
[EventType "swiss (rapid)"]
[EventRounds "9"]
[EventCountry "USA"]
[SourceTitle "CB06_2024"]
[SourceDate "2024.02.07"]
[SourceVersion "1"]
[SourceVersionDate "2024.02.07"]
[SourceQuality "1"]

1. Nf3 d5 2. e3 Nf6 3. c4 g6 4. b3 Bg7 5. Bb2 0-0 6. cxd5 Nxd5 7. Bxg7 Kxg7 8. Be2 c5 9. Qc2 b6 10. 0-0 Ba6 11. d3 Nc6 12. a3 Rc8 13. Nbd2 e5 14. Rfd1 Qe7 15. Qb2 f6 16. Bf1 Rfd8 17. h3 Nc7 18. Nc4 Ne6 19. Rab1 b5 20. Ncd2 Bb7 21. b4 a6 22. Ne4 cxb4 23. axb4 Nb8 24. Ned2 Nd7 25. d4 exd4 26. Nxd4 Nxd4 27. Qxd4 Ne5 28. Qa1 Rc2 29. Nb3 Rxd1 30. Rxd1 Qxb4 31. Nd4 Rd2 32. Rc1 Kh6 33. Rc7 Be4 34. Qxa6 Qf8 35. Qxb5 Rd1 36. Qa4 Rb1 37. Qa7 Qg8 38. Ne2 Bd3 39. Ng3 Bxf1 40. Nxf1 g5 41. Qa6 Qd8 42. Rc5 Kg7 43. Qe2 Qd3 44. Rc2 Qxe2 45. Rxe2 h5 46. f3 Kg6 47. Rd2 g4 48. fxg4 hxg4 49. Kf2 gxh3 50. gxh3 Nc4 51. Ra2 Ne5 52. Ng3 Nd3+ 53. Kf3 Ne5+ 54. Kg2 Rb3 55. e4 Nd3 56. h4 Nf4+ 57. Kh2 Nh5 58. Nf5 Nf4 59. Rf2 Rh3+ 60. Kg1 Ne6 61. Rg2+ Kf7 62. Rg3 Rxg3+ 63. Nxg3 Kg6 64. Kf2 Nc5 65. Kf3 Nd7 66. Kf4 Ne5 67. h5+ Kf7 68. Kf5 Nf3 69. Kg4 Ne5+ 70. Kf4 Nd3+ 71. Kf5 Kg7 72. Ne2 Ne5 73. Nf4 Nc4 74. Nd5 Nd6+ 75. Kf4 Nf7 76. Ne7 Kh6 77. Ng8+ Kg7 78. Ne7 Kh6 79. Kg4 Ne5+ 80. Kh4 Nf3+ 81. Kg3 Ng5 82. Ng8+ Kxh5 83. Nxf6+ Kg6 84. e5 Kf5 85. Ng4 Nf7 86. Kf3 Nxe5+ 1/2-1/2

[Event "Chessable Masters Play In"]
[Site "Chess.com INT"]
[Date "2024.01.31"]
[Round "1"]
[White "Keymer, Vincent"]
[Black "Donchenko, Alexander"]
[Result "1-0"]
[WhiteElo "2743"]
[BlackElo "2643"]
[PlyCount "105"]
[EventDate "2024.01.31"]
[EventType "swiss (rapid)"]
[EventRounds "9"]
[EventCountry "USA"]
[SourceTitle "CB06_2024"]
[SourceDate "2024.02.07"]
[SourceVersion "1"]
[SourceVersionDate "2024.02.07"]
[SourceQuality "1"]

1. c4 Nf6 2. Nf3 g6 3. Nc3 Bg7 4. g3 c6 5. e4 d5 6. cxd5 cxd5 7. e5 Nfd7 8. d4 Nb6 9. h3 Nc6 10. Bg2 0-0 11. 0-0 Bf5 12. Nh4 Bd7 13. Re1 Rc8 14. Bf4 Be6 15. Nf3 h6 16. Rc1 Qd7 17. Kh2 f6 18. b3 g5 19. Be3 Rcd8 20. Ne2 Bf5 21. exf6 exf6 22. Nc3 Bg6 23. h4 Rde8 24. Qd2 Ne7 25. a4 Nbc8 26. Nb5 Nc6 27. hxg5 hxg5 28. Bh3 Bf5 29. Bxf5 Qxf5 30. Kg2 a6 31. Nc3 Nd6 32. Qc2 Nb4 33. Qxf5 Nxf5 34. Re2 g4 35. Ne1 Rc8 36. Na2 Nxa2 37. Rxc8 Rxc8 38. Rxa2 Rc3 39. Rc2 Rxb3 40. Rc8+ Kh7 41. Nc2 Kg6 42. Bf4 Bh6 43. Bxh6 Kxh6 44. Rd8 Rb2 45. Rxd5 Kg6 46. Rc5 Ra2 47. a5 Nd6 48. Ne3 Ne4 49. Rf5 Nd6 50. Rd5 Ne4 51. Nxg4 f5 52. Re5 Ra3 53. Ne3 1-0

[Event "Chessable Masters Play In"]
[Site "Chess.com INT"]
[Date "2024.01.31"]
[Round "9"]
[White "Pichot, Alan"]
[Black "Donchenko, Alexander"]
[Result "1-0"]
[WhiteElo "2644"]
[BlackElo "2643"]
[PlyCount "131"]
[EventDate "2024.01.31"]
[EventType "swiss (rapid)"]
[EventRounds "9"]
[EventCountry "USA"]
[SourceTitle "CB06_2024"]
[SourceDate "2024.02.07"]
[SourceVersion "1"]
[SourceVersionDate "2024.02.07"]
[SourceQuality "1"]

1. e4 c6 2. d4 d5 3. e5 Bf5 4. Nd2 e6 5. Nb3 a6 6. Nf3 Nd7 7. Be3 Rc8 8. Be2 c5 9. c3 h6 10. 0-0 c4 11. Nbd2 Ne7 12. Nh4 Bh7 13. f4 h5 14. Bxh5 Bd3 15. f5 Nxf5 16. Nxf5 Bxf5 17. g4 Bg6 18. Bxg6 fxg6 19. Qc2 Qb6 20. Qxg6+ Kd8 21. Rf7 Kc7 22. Nf3 Re8 23. b3 cxb3 24. axb3 Kc8 25. Bg5 Qxb3 26. Rb1 Qa4 27. h4 Ba3 28. Rxg7 Rhf8 29. Rf7 Qc6 30. Rxf8 Rxf8 31. Qd3 Rg8 32. c4 Bf8 33. Rc1 Kb8 34. Kg2 dxc4 35. Rxc4 Qd5 36. Rc3 Bb4 37. Rb3 a5 38. Qb1 Rf8 39. h5 Rg8 40. Kg3 Nf8 41. Rxb4 axb4 42. Qxb4 Nh7 43. Bf4 Qe4 44. Qd6+ Ka8 45. Qxe6 Rf8 46. Qa2+ Kb8 47. Qd2 Ka8 48. g5 Qf5 49. e6 Qxe6 50. Qa5+ Qa6 51. Qxa6+ bxa6 52. h6 Rg8 53. Kg4 a5 54. Kh5 Nf8 55. Ne5 a4 56. g6 a3 57. Bc1 a2 58. Bb2 Kb7 59. g7 Ne6 60. h7 Nxg7+ 61. Kg6 Rh8 62. Kxg7 Rxh7+ 63. Kxh7 Kc7 64. Kg6 Kd6 65. Kf5 Kd5 66. Kf4 1-0

[Event "Tata Steel-A 86th"]
[Site "Wijk aan Zee"]
[Date "2024.01.18"]
[Round "5"]
[White "Donchenko, Alexander"]
[Black "Van Foreest, Jorden"]
[Result "1/2-1/2"]
[WhiteElo "2643"]
[BlackElo "2682"]
[PlyCount "67"]
[EventDate "2024.01.13"]
[EventType "tourn"]
[EventRounds "13"]
[EventCountry "NED"]
[EventCategory "19"]
[SourceTitle "CB05_2024"]
[SourceDate "2024.01.31"]
[SourceVersion "1"]
[SourceVersionDate "2024.01.31"]
[SourceQuality "1"]

1. c4 e5 2. g3 d5 3. cxd5 Qxd5 4. Nf3 Nc6 5. Nc3 Qd8 6. Bg2 Nf6 7. 0-0 h6 8. d3 Bd6 9. d4 0-0 10. dxe5 Nxe5 11. Nxe5 Bxe5 12. Qc2 c6 13. e4 Qe7 14. Bd2 b6 15. Rfe1 Rd8 16. h3 Ba6 17. Rad1 Nd7 18. f4 Bd4+ 19. Be3 Bxe3+ 20. Rxe3 Nc5 21. e5 Rxd1+ 22. Nxd1 Rd8 23. Nf2 Ne6 24. Qxc6 Nd4 25. Qe4 Bc4 26. f5 Qg5 27. f6 gxf6 28. h4 Qg7 29. exf6 Qxf6 30. Ng4 Qe6 31. b3 Qxe4 32. Bxe4 Be6 33. Nf6+ Kf8 34. Kf2 1/2-1/2

[Event "Tata Steel-A 86th"]
[Site "Wijk aan Zee"]
[Date "2024.01.13"]
[Round "1"]
[White "Donchenko, Alexander"]
[Black "Wei, Yi"]
[Result "0-1"]
[WhiteElo "2643"]
[BlackElo "2740"]
[PlyCount "76"]
[EventDate "2024.01.13"]
[EventType "tourn"]
[EventRounds "13"]
[EventCountry "NED"]
[EventCategory "19"]
[SourceTitle "CB05_2024"]
[SourceDate "2024.01.31"]
[SourceVersion "1"]
[SourceVersionDate "2024.01.31"]
[SourceQuality "1"]

1. d4 Nf6 2. c4 g6 3. Nf3 Bg7 4. e3 0-0 5. Be2 c5 6. d5 e6 7. Nc3 d6 8. 0-0 exd5 9. cxd5 Bg4 10. Nd2 Bxe2 11. Qxe2 Na6 12. e4 Re8 13. Nc4 b5 14. Nxb5 Nxe4 15. Qf3 Qd7 16. a4 Nb4 17. Bf4 Nc2 18. Rad1 Nd4 19. Rxd4 cxd4 20. Ncxd6 Nxd6 21. Nxd6 Red8 22. b3 g5 23. Bg3 f5 24. Qxf5 Qxf5 25. Nxf5 Bf6 26. Nd6 h5 27. h3 h4 28. Bh2 Be7 29. Nb5 Bc5 30. d6 Rac8 31. Be5 d3 32. Bf6 Rd7 33. Bxg5 a6 34. Nc3 Bxd6 35. Ne4 Be7 36. Rd1 Bxg5 37. Nxg5 d2 38. Kf1 Re7 0-1

[Event "Titled Tuesday intern op 09th Jan Early"]
[Site "Chess.com INT"]
[Date "2024.01.09"]
[Round "6"]
[White "Donchenko, Alexander"]
[Black "Ranaldi, Lucas"]
[Result "0-1"]
[WhiteElo "2643"]
[BlackElo "2362"]
[PlyCount "64"]
[EventDate "2024.01.09"]
[EventType "swiss (blitz)"]
[EventRounds "11"]
[EventCountry "USA"]
[SourceTitle "CB03_2024"]
[SourceDate "2024.01.17"]
[SourceVersion "1"]
[SourceVersionDate "2024.01.17"]
[SourceQuality "1"]

1. Nf3 Nf6 2. g3 b6 3. Bg2 Bb7 4. 0-0 c5 5. d3 e6 6. e4 d6 7. Re1 Be7 8. c3 0-0 9. Nbd2 b5 10. d4 Qb6 11. a4 a6 12. d5 exd5 13. exd5 Re8 14. c4 Nbd7 15. a5 Qc7 16. b3 Bf8 17. Bb2 Rxe1+ 18. Nxe1 b4 19. Nc2 Re8 20. Ne3 g6 21. Qc2 Bg7 22. h4 Bc8 23. Nf3 Ne4 24. Bxg7 Kxg7 25. Ng5 Nc3 26. h5 Nf6 27. hxg6 hxg6 28. Bf3 Qd8 29. Kg2 Rh8 30. Qd3 Nd7 31. Ne4 Ne5 32. Qc2 Bh3+ 0-1

[Event "Titled Tuesday intern op 09th Jan Early"]
[Site "Chess.com INT"]
[Date "2024.01.09"]
[Round "1"]
[White "Ferey, Antonin"]
[Black "Donchenko, Alexander"]
[Result "0-1"]
[WhiteElo "2193"]
[BlackElo "2643"]
[PlyCount "78"]
[EventDate "2024.01.09"]
[EventType "swiss (blitz)"]
[EventRounds "11"]
[EventCountry "USA"]
[SourceTitle "CB03_2024"]
[SourceDate "2024.01.17"]
[SourceVersion "1"]
[SourceVersionDate "2024.01.17"]
[SourceQuality "1"]

1. d4 Nf6 2. c4 e6 3. Nf3 b6 4. g3 Ba6 5. Qc2 c5 6. d5 exd5 7. cxd5 Bb7 8. Nc3 Nxd5 9. Bg2 Be7 10. Ne5 Ne3 11. Bxe3 Bxg2 12. Rg1 Bb7 13. 0-0-0 0-0 14. Bf4 Bf6 15. e4 g5 16. Ng4 gxf4 17. gxf4 Kh8 18. e5 Bg7 19. Rg3 Qh4 20. Rdd3 h5 21. Rh3 Qxg4 22. Rdg3 Qxf4+ 23. Re3 h4 24. Ne2 Qg4 25. Reg3 Qe4 26. Qd2 Qh7 27. Rg4 Bh6 28. Rgxh4 Bxd2+ 29. Kxd2 Qxh4 30. Rxh4+ Kg7 31. Nf4 Rh8 32. Rg4+ Kf8 33. h4 Nc6 34. Nd3 Nd4 35. f4 Rxh4 36. Rxh4 Nf3+ 37. Ke3 Nxh4 38. f5 Nxf5+ 39. Kf4 Nd4 0-1

[Event "German Masters"]
[Site "Rosenheim"]
[Date "2023.12.16"]
[Round "6"]
[White "Donchenko, Alexander"]
[Black "Svane, Rasmus"]
[Result "1/2-1/2"]
[WhiteElo "2634"]
[BlackElo "2628"]
[PlyCount "46"]
[EventDate "2023.12.11"]
[EventType "tourn"]
[EventRounds "9"]
[EventCountry "GER"]
[EventCategory "13"]
[SourceTitle "CB51_2023"]
[SourceDate "2023.12.20"]
[SourceVersion "1"]
[SourceVersionDate "2023.12.20"]
[SourceQuality "1"]

1. d4 Nf6 2. c4 e6 3. g3 d5 4. Bg2 Be7 5. Nf3 0-0 6. 0-0 dxc4 7. Qc2 a6 8. a4 Bd7 9. Qxc4 Bc6 10. Bf4 Bd6 11. Qc1 Nbd7 12. Nc3 Rb8 13. Re1 b5 14. axb5 axb5 15. e4 b4 16. e5 bxc3 17. bxc3 Be7 18. exf6 Nxf6 19. Qc2 Ra8 20. Be5 Nd7 21. Bf4 Nf6 22. Be5 Nd7 23. Bf4 Nf6 1/2-1/2

[Event "German Masters"]
[Site "Rosenheim"]
[Date "2023.12.11"]
[Round "1"]
[White "Costa, Leonardo"]
[Black "Donchenko, Alexander"]
[Result "1/2-1/2"]
[WhiteElo "2472"]
[BlackElo "2634"]
[PlyCount "67"]
[EventDate "2023.12.11"]
[EventType "tourn"]
[EventRounds "9"]
[EventCountry "GER"]
[EventCategory "13"]
[SourceTitle "CB51_2023"]
[SourceDate "2023.12.20"]
[SourceVersion "1"]
[SourceVersionDate "2023.12.20"]
[SourceQuality "1"]

1. e4 c6 2. Nc3 d5 3. Nf3 dxe4 4. Nxe4 Nf6 5. Qe2 Nxe4 6. Qxe4 Nd7 7. d4 Nf6 8. Qd3 Bg4 9. Ne5 Bh5 10. c3 e6 11. Qh3 Bd6 12. Bg5 Bxe5 13. dxe5 Qd5 14. Bxf6 Qe4+ 15. Qe3 Qxe3+ 16. fxe3 gxf6 17. exf6 Rg8 18. Rg1 0-0-0 19. Be2 Bg4 20. g3 h5 21. Rd1 Rxd1+ 22. Bxd1 Bxd1 23. Kxd1 Kd7 24. Ke2 e5 25. c4 Ke6 26. Rd1 h4 27. Kf3 hxg3 28. hxg3 Rg6 29. Rd8 Rxf6+ 30. Kg2 Kf5 31. Kf3 Ke6+ 32. Kg2 Kf5 33. Kf3 Ke6+ 34. Kg2 1/2-1/2

[Event "EU-chT 24th"]
[Site "Budva"]
[Date "2023.11.20"]
[Round "9.1"]
[White "Martinovic, Sasa"]
[Black "Donchenko, Alexander"]
[Result "1/2-1/2"]
[WhiteElo "2542"]
[BlackElo "2664"]
[PlyCount "136"]
[EventDate "2023.11.11"]
[EventType "team-swiss"]
[EventRounds "9"]
[EventCountry "MNE"]
[SourceTitle "CB47_2023"]
[SourceDate "2023.11.22"]
[SourceVersion "1"]
[SourceVersionDate "2023.11.22"]
[SourceQuality "1"]
[WhiteTeam "Croatia"]
[BlackTeam "Germany"]
[WhiteTeamCountry "CRO"]
[BlackTeamCountry "GER"]

1. d4 Nf6 2. c4 e6 3. Nf3 d5 4. Nc3 Bb4 5. Qa4+ Nc6 6. e3 0-0 7. Bd2 Re8 8. a3 Bf8 9. Be2 a6 10. 0-0 h6 11. Rad1 Bd6 12. Bc1 dxc4 13. Bxc4 Qe7 14. Qc2 e5 15. h3 Kh8 16. dxe5 Nxe5 17. Nxe5 Bxe5 18. Rfe1 Be6 19. Nd5 Qc5 20. b4 Qc6 21. Qa2 Ne4 22. Bb3 Rad8 23. f3 Nc3 24. Nxc3 Qxc3 25. Bxe6 fxe6 26. Qe2 c5 27. f4 Bf6 28. bxc5 Qxc5 29. Rxd8 Rxd8 30. Bb2 Bxb2 31. Qxb2 Rd3 32. Qxb7 Rxe3 33. Qb8+ Kh7 34. Qb1+ Kg8 35. Qb8+ Kf7 36. Qb7+ Kf6 37. Qb2+ Kf5 38. Rxe3 Qxe3+ 39. Kh1 e5 40. fxe5 Qe1+ 41. Kh2 Qxe5+ 42. Qxe5+ Kxe5 43. Kg3 a5 44. Kg4 g6 45. a4 Kd4 46. h4 Ke4 47. g3 Ke3 48. h5 g5 49. Kf5 Kf3 50. Kg6 Kxg3 51. Kxh6 Kf4 52. Kg7 g4 53. h6 g3 54. h7 g2 55. h8Q g1Q+ 56. Kf7 Qc5 57. Qf6+ Ke4 58. Qe7+ Kd4 59. Qxc5+ Kxc5 60. Ke6 Kb4 61. Kd5 Kxa4 62. Kc4 Ka3 63. Kc3 a4 64. Kc2 Kb4 65. Kb2 a3+ 66. Ka2 Ka4 67. Kb1 Kb3 68. Ka1 a2 1/2-1/2